Statistiche per Ricostruisci la Carriera del Calciatore - Fabio Quagliarella

Clicka qui per fare il quiz!

Statistiche generali

  • Questo quiz è stato fatto 3 volte
  • Il punteggio medio è 4 su 11

Statistiche sulle risposte

HintRisposta% Corretto
2003-2004Chieti
67%
2010-2014 Juventus
67%
2016-2023 Sampdoria
67%
2005-2006Ascoli
33%
2009-2010 Napoli
33%
2006-2007 Sampdoria
33%
1999-2002 Torino
33%
2014-2016 Torino
33%
2007-2009 Udinese
33%
2002-2003Florentia Viola
0%
2004-2005 Torino
0%

Distribuzione punteggi

Percentile per numero di risposta

Percentuale di utenti per punteggio

I tuoi punteggi nel tempo

Non hai fatto questo quiz